US State Capitals that Begin with Vowels - Statistics

General Stats
  • This quiz has been taken 121 times
  • The average score is 7 of 8
Answer Stats
Answer % Correct
Albany
87%
Atlanta
84%
Augusta
84%
Austin
84%
Indianapolis
84%
Annapolis
82%
Olympia
81%
Oklahoma City
77%
No matching quizzes found
Score Distribution
Percent of People with Each Score
Percentile by Number Answered
Your Score History
You have not taken this quiz